00830nam a22002417a 4500001001000000003000900010005001700019007000300036008003400039040005400073041001000127072003000137100001900167110007500186245014400261260003400405300001000439500009400449650000900543650001000552650001000562650001600572BR7603890BR-BrBNA20230928085041.0ta230509b bl.||||| |||| 00| 0 por d aBR-BrBNAbporcBiblioteca Nacional de Agricultura a(Por) aF60; F40; H50b2120b42301 aSilva, J.E. da1 aUniversidade Federal de Vicosa, MG (Brasil)0Tese (Magister Scientiae)1 aInfluencia da temperatura sobre a translocacao axial de fotoassimilados e na formulacao de lesoes no caule de cafeeiros (Coffea arabica L.)3 aVicosa, MG (Brasil): c1976.  a39 p. a24 ref. (*) Documento disponível na(o) Instituto Brasileiro do Cafe, Rio de Janeiro, RJ aCAFE aCAULE aLESAO aTEMPERATURA